Managerial accounting /
This book is about: Cost-volume-profit analysis and decision making; Budgeting; Control and performance evaluation; Product costing; Special topics; ...
Đã lưu trong:
| Hovedforfatter: | |
|---|---|
| Andre forfattere: | , |
| Format: | Bog |
| Sprog: | English |
| Udgivet: |
Cincinnati, OH :
South-Western College,
2000.
|
| Udgivelse: | 9th ed. |
| Fag: | |
| Tags: |
Tilføj Tag
Ingen Tags, Vær først til at tagge denne postø!
|
| Thư viện lưu trữ: | Mạng thư viện Đại học Đà Nẵng |
|---|
| LEADER | 01093cam a2200361 i 4500 | ||
|---|---|---|---|
| 001 | 000048985 | ||
| 003 | 8712 | ||
| 005 | 20051111142129.0 | ||
| 008 | 010320b2000 vm 000 eng | ||
| 020 | |a 032401208X | ||
| 040 | |a IRC |c IRC |d IRC | ||
| 041 | 0 | |a eng | |
| 082 | 1 | 4 | |a 658.15 |b LO-J |
| 100 | 1 | |a Louderback, Joseph G. | |
| 245 | 0 | 0 | |a Managerial accounting / |c Joseph G. Louderback III, Jay Holmen, Geraldine F. Dominiak. |
| 250 | |a 9th ed. | ||
| 260 | |a Cincinnati, OH : |b South-Western College, |c 2000. | ||
| 300 | |a ixi, 879 p. ; |c 25.5cm. | ||
| 520 | 3 | |a This book is about: Cost-volume-profit analysis and decision making; Budgeting; Control and performance evaluation; Product costing; Special topics; ... | |
| 630 | 0 | 4 | |a Accounting. |
| 650 | 0 | 4 | |a Managerial accounting. |
| 700 | 1 | |a Holmen, Jay. | |
| 700 | 1 | |a Dominiak, Geraldine F. | |
| OWN | |a DUT | ||
| 999 | |a From the UDN01 | ||
| TYP | |a Monograph | ||
| TYP | |a Printed language | ||
| 980 | |a Mạng thư viện Đại học Đà Nẵng | ||


